00805nam a2200229 a 4500001001000000003000900010005001700019007000300036008004100039020001800080040002500098082002300123100003700146245012900183260003800312300002000350500006600370650002400436650003600460700003900496700004000535000026197DO-SdBNP20260427125202.0ta110304s2012 xxu 000 0 spa d a9781598353075 aDO-SdBNPbspacBNPHU 4aRD861.5bR758m2221 aRomán Jorge, Francisco,d1968-10aMujer y patria /cFrancisco Román Jorge ; prólogo Antonio Taveras Mejía ; epílogo Juan Luciano Amadís Rodríguez. aLawrence, MA :bCBH Books,c2012. a61 p. ;c22 cm. aIncluye datos biográficos del autor en la contracubierta. 4aPoesía dominicana 4aLiteratura dominicanaySiglo XX1 aTaveras Mejía, Antonio,epról.1 aAmadís Rodríguez, Juan Luciano,